F.R.I.E.N.D.S. episode. Quiz Stats

 Plays Quiz not verified by Sporcle

Challenge
Share
Tweet
Embed
Score 0/15 Timer 06:00
0 Plays Today
% Correct
The one where Eddie won't go.
98.7%
The one where Phoebe hates PBS.
98.7%
The one with Ross's innapropiate song.
98%
The one with the cooking class.
97.3%
The one with all the poker.
96%
The one with Rachel's going away party.
96%
The one with the joke.
95.3%
The one where they're up all night.
95.3%
% Correct
The one with George Stephanopoulos.
91.9%
The one with the stoned guy.
91.3%
The one where Ross dates a student.
89.9%
The one with Pheobe's uterus.
89.3%
The one with the Christmas in Tulsa.
85.9%
The one with the fertility test.
83.9%
The one with all the jealosy.
83.9%

You're not logged in!

Compare scores with friends on all Sporcle quizzes.
Join for Free
OR
Log In

You Might Also Like...

Show Comments

Extras

Top Quizzes Today


Score Distribution

Your Account Isn't Verified!

In order to create a playlist on Sporcle, you need to verify the email address you used during registration. Go to your Sporcle Settings to finish the process.

Report this User

Report this user for behavior that violates our Community Guidelines.

Details: